000 00450nam a2200193Ia 4500
003 OSt
005 20251127092441.0
008 250729s1896 xx 000 0 und d
020 _a978-0267811809
040 _cAL
041 _aeng
082 _a420 KELH
100 _aKellner L
_9225025
245 _aHistorical outlines of english accidence
260 _aNew York
_c1896
300 _a463p
650 _aEnglish
_9225026
942 _2ddc
_cBED
999 _c236710
_d236710